| 000 | 00412nam a22001457a 4500 | ||
|---|---|---|---|
| 020 | _a97817887750319 | ||
| 040 | _cNUST | ||
| 082 |
_a649.1019 _bNAI |
||
| 100 |
_aNaish, Sarah _9111335 |
||
| 110 |
_aDillon, Sarah, Jane, Mitchell _9123003 |
||
| 245 | _aTherapeutic Parenting Essentials | ||
| 260 |
_aLondon _bKingsley Publishers, _c2020. |
||
| 650 |
_aTherapeutic Parenting Essentials _9123004 |
||
| 942 |
_2ddc _cBK |
||
| 999 |
_c609344 _d609344 |
||